| 000 | 00890cam a2200205 4500 | ||
|---|---|---|---|
| 001 | WB3707-32 | ||
| 008 | 000000n2001 000 0 eng u | ||
| 035 | _a(Sirsi) u110911 | ||
| 245 | _aEU to get tough on GMO food | ||
| 260 | _c2001 | ||
| 490 |
_aFinancial Times _v 13 February 2001, 10 |
||
| 490 |
_aFinancial Times _v 15 February 2001, 8(2) |
||
| 520 | _aThe EU will toughen its stance on GMO food with a new law. This will tighten regulations over the planting, risk assessment and and crop monitoring, with the phasing out of anti-biotic genes and periodical renewal of licenses. Biotechnology companies hope that these safeguards will calm consumer fears and allow new products to be licensed. | ||
| 590 | _aWB | ||
| 650 | _aEUROPEAN UNION | ||
| 650 | _aGENETICALLY MODIFIED ORGANISMS | ||
| 650 | _aEUROPEAN LAW | ||
| 690 | _aRURAL-AGRICULTURE AND FORESTRY | ||
| 942 | _n0 | ||
| 999 |
_c66108 _d66108 |
||